000 00896cam a22001935a 4500
001 L150545
008 100726e20100723xxk 000 0 eng d
035 _a(Sirsi) u150545
041 0 _aeng
100 1 _aMcMeeken, Roxane
245 0 0 _aForeign offices
_binternational salaries
260 _a2010
490 _aBuilding
_v275(8639) 23 July 2010, 34-39(6)
520 _aOverview of the best places in the world to work where English is spoken; data and advice from Hays Construction and Property's salary guide, case studies; list of typical salaries from Hays 2010 international salary guide with figures in sterling for project managers, quantity surveyors, architects, civil engineers, and structural engineers with 5 or 5-10 years' experience for 19 countries.
590 _aKA
651 4 _aInternational
690 _aCAREERS, EDUCATION AND TRAINING-CAREERS IN SURVEYING
942 _n0
999 _c82553
_d82553